ბათუმის შოთა რუსთაველის სახელმწიფო უნივერსიტეტის ბიბლიოთეკა

ქართული ენა : მართლწერა და მეტყველების განვითარება. (ბიბ.ჩანაწერი № 53404)

000 -LEADER
fixed length control field 01082nam a2200265Ia 4500
001 - CONTROL NUMBER
control field 20447
003 - CONTROL NUMBER IDENTIFIER
control field GE_BSU
008 - FIXED-LENGTH DATA ELEMENTS--GENERAL INFORMATION
fixed length control field 181216s||||||||xx |||||||||||||| ||und||
040 ## - CATALOGING SOURCE
Transcribing agency GE_BSU
080 ## - UNIVERSAL DECIMAL CLASSIFICATION NUMBER
Universal Decimal Classification number 811.353.1-8(075.3)
100 ## - MAIN ENTRY--PERSONAL NAME
Personal name რამიშვილი, ვალ.
245 ## - TITLE STATEMENT
Title ქართული ენა : მართლწერა და მეტყველების განვითარება.
245 ## - TITLE STATEMENT
Remainder of title პირველი კლასის სახელმძღვ
245 ## - TITLE STATEMENT
Statement of responsibility, etc. რედ. ე. პოლოლიკაშვილი. მხ. შ. ცხადაძე
250 ## - EDITION STATEMENT
Edition statement მე-4 გამოც.
260 ## - PUBLICATION, DISTRIBUTION, ETC.
Place of publication, distribution, etc. თბილისი
260 ## - PUBLICATION, DISTRIBUTION, ETC.
Name of publisher, distributor, etc. ცოდნა
260 ## - PUBLICATION, DISTRIBUTION, ETC.
Date of publication, distribution, etc. 1965
300 ## - PHYSICAL DESCRIPTION
Extent 59გვ. : ილ. ; 21სმ.
653 ## - INDEX TERM--UNCONTROLLED
Uncontrolled term მართლწერა და მეტყველების განვითარება.
653 ## - INDEX TERM--UNCONTROLLED
Uncontrolled term პირველი კლასის სახელმძღვ
653 ## - INDEX TERM--UNCONTROLLED
Uncontrolled term ქართული ენა
942 ## - ADDED ENTRY ELEMENTS (KOHA)
Koha item type წიგნი
ეგზემპლარები
Withdrawn status Lost status Damaged status Not for loan Date acquired Barcode Date last seen Price effective from Koha item type
        2018-12-17 53449 2018-12-17 2018-12-17 წიგნი